Statistics for Top 5 Songs On Grime MC (Jme)

Click here to take the quiz!

General Stats

  • This quiz has been taken 2 times
  • The average score is 3 of 5

Answer Stats

HintAnswer% Correct
3,699,36696 Of My Life
100%
4,776,843Nang
100%
3,011,509Issmad
50%
2,644,293Knock Your Block Off
0%
1,594,872This One
0%

Score Distribution

Percentile by Number Answered

Percent of People with Each Score

Your Score History

You have not taken this quiz